| 000 | 01356nam a22003377a 4500 | ||
|---|---|---|---|
| 003 | DO-SdBPM | ||
| 005 | 20250731085107.0 | ||
| 007 | ta | ||
| 008 | 171018b 2015 dr ||||| |||| 00| 0 spa d | ||
| 020 | _a9789945492460 | ||
| 040 |
_aDO-SdBPM _bspa _cBPMSU _erda |
||
| 082 | 4 |
_a006.33 _bM559e 2015 _222 |
|
| 100 | 1 |
_aMerejo, Andrés _eautor |
|
| 245 | 1 | 3 |
_aLa era del cibermundo / _cAndrés Merejo |
| 260 | _c | ||
| 264 |
_aSanto Domingo : _bEditora Nacional, _c2015 |
||
| 300 |
_a199 páginas : _c23 cm. |
||
| 336 |
_atexto _btxt _2rdacontente |
||
| 337 |
_asin mediación _bn _2rdamedia |
||
| 338 |
_avolumen _bnc _2rdacarrier |
||
| 505 | 0 | _aDel mundo al cibermundo: dimensión filosófica e histórica del mundo global 19 -- El cibermundo como complejidad 43 -- El cibermundo como revolución tecnológica, científica y social 75 -- El cibermundo como paradigma tecnológico, científico y social 85 -- El cibermundo como construcción social 115 | |
| 586 | _aPremio Nacional de Ensayos Pedro Henríquez Ureña. Modalidad ensayos científicos, 2014 | ||
| 590 | _aInventariado, 2025/VM | ||
| 650 | 7 | _aGlobalización | |
| 650 | 7 | _a Innovaciones tecnológicas | |
| 650 | 7 | _a Filosofía de la tecnología | |
| 650 | 7 | _aCambio social | |
| 650 | 7 | _a Inteligencia artificial | |
| 910 | _aVMateo V. Control de calidad BPMSU | ||
| 942 |
_2ddc _cBK |
||
| 999 |
_c12631 _d12631 |
||